000
00254nam a2200109Ia 4500
008
190216s9999||||xx |||||||||||||| ||und||
100
_a
Competition Success
245
0
_a
Success Iit
260
_b
Sudha Pubs Pvt Ltd
_c
1979
300
_a
969p
942
_c
REF
999
_c
36467
_d
36467